Historia económica de América Latina: problemas y procesos
Na minha lista:
| Principais autores: | , |
|---|---|
| Formato: | Livro |
| Idioma: | espanhol |
| Publicado em: |
Ciudad de México
Fondo de Cultura Económica
2011
|
| Assuntos: | |
| Tags: |
Adicionar Tag
Sem tags, seja o primeiro a adicionar uma tag!
|
MARC
| LEADER | 00000cam a2200000 a 4500 | ||
|---|---|---|---|
| 001 | UCF9444 | ||
| 003 | CL-VaPUC | ||
| 008 | 131125e20110000mx |||||||||||||||||spa|d | ||
| 020 | |a 9789505572694 | ||
| 082 | 0 | 4 | |a 330.98 |b KOR |2 21 |
| 100 | |a Korol, Juan Carlos |e author |9 571746 | ||
| 700 | 0 | |a Tandeter, Enrique |e author |9 571747 | |
| 245 | 1 | 0 | |a Historia económica de América Latina: problemas y procesos |
| 300 | |a 117 p | ||
| 942 | |c BK | ||
| 945 | |d 20131125 03:22:00 |a dcastane | ||
| 260 | |a Ciudad de México |b Fondo de Cultura Económica |c 2011 | ||
| 650 | 0 | |a Desarrollo económico |9 259599 | |
| 650 | 0 | |a Desarrollo industrial |9 322675 | |
| 650 | 0 | |a Historia de la economía |9 339571 | |
| 583 | |a last modification |c 20131128 11:12:21 |k Rodrigo Vera | ||
| 999 | |c 353887 |d 353885 | ||